Pozitíva a negatíva migračnej politiky Turecka diplomová práca

Guardado en:
Detalles Bibliográficos
Autor principal: Novotná, Martina
Autor Corporativo: Obchodná fakulta EU. Katedra medzinárodného obchodu
Otros Autores: Steinhauser, Dušan, 1988-
Formato: Libro
Lenguaje:eslovaco
Publicado: Bratislava 2019
Etiquetas: Agregar Etiqueta
Sin Etiquetas, Sea el primero en etiquetar este registro!

MARC

LEADER 00000nbm a2200000 4500
001 0257860
005 20191004135501.4
041 0 |a slo 
044 |a SK 
245 1 0 |a Pozitíva a negatíva migračnej politiky Turecka  |b diplomová práca  |c Martina Novotná ; školiteľ: Dušan Steinhauser 
264 1 |a Bratislava  |c 2019 
300 |a 70 s. 
100 1 |a Novotná, Martina 
700 1 |a Steinhauser, Dušan, 1988- 
710 2 |a Obchodná fakulta EU. Katedra medzinárodného obchodu